| 000 | 00866nam a22001577a 4500 | ||
|---|---|---|---|
| 003 | OSt | ||
| 005 | 20151106093141.0 | ||
| 008 | 151106b xxu||||| |||| 00| 0 eng d | ||
| 040 | _cRUA | ||
| 082 | _aFOR PENH 1997 B124 Or.5 | ||
| 100 |
_93432 _aPENH, VISALRITH. |
||
| 245 | _acontrivution to the establishment of mathematical model of stand vollume table for commercial trees species in kratie province, the mekong forest zone (វិភាគទាននៃការកសាងគំរូគណិតតារាងមាឌឈើឈរសំរាប់ប្រភេទឈើពាណិជ្ជកម្មក្នុងសារព័ន្ធព្រៃឈើខេត្តក្រចេះភូមិភាគព្រៃឈើទន្លេមេគង្គ) | ||
| 260 |
_aPhnom Penh _bRUA _c1997 |
||
| 300 |
_a117p. _bill. _c29cm. |
||
| 942 |
_2ddc _cFOR |
||
| 999 |
_c3202 _d3202 |
||